| 000 | 00830nam a2200217 a 4500 | ||
|---|---|---|---|
| 001 | 000039339 | ||
| 005 | 20201002031613.0 | ||
| 008 | 130624s1997 dr 000 0 spa d | ||
| 020 | _a8400076818 | ||
| 040 |
_aDO-SdBNP _bspa _cBNPHU |
||
| 100 | 1 |
_aZamora López, José Ángel _965534 |
|
| 245 | 1 | 0 |
_aSobre el modo de producción asiático en Ugarit / _cZamora López, José Ángel. |
| 260 |
_aMadrid : _bConsejo Superior de Investigaciones Científicas, _c1997. |
||
| 300 |
_a189 p. ; _c26 cm. |
||
| 490 | 1 |
_aMonografía _v2 |
|
| 500 | _aIncluye referencias bibliográficas y notas al pie de las páginas | ||
| 504 | _aBibliografía : p. 159-177 | ||
| 710 | 2 |
_aBanco de Datos Folológicos Semíticos Noroccidentales _965535 |
|
| 710 | 2 |
_aConsejo Superior de Investigaciones Científicas _94786 |
|
| 830 | 0 |
_aMonografía _v2 _94914 |
|
| 999 |
_c38829 _d38829 |
||